<The> Impacts of specific ICT solutions on productivity
Gespeichert in:
| 1. Verfasser: | |
|---|---|
| Weitere Verfasser: | |
| Format: | Buchkapitel |
| Sprache: | Englisch |
| Schlagworte: | |
| Tags: |
Keine Tags, Fügen Sie das erste Tag hinzu!
|
MARC
| LEADER | 00000naa$a2200000$$$4500 | ||
|---|---|---|---|
| 001 | 0224471 | ||
| 005 | 20240502083559.1 | ||
| 041 | 0 | |a eng | |
| 044 | |a AT | ||
| 245 | 1 | 0 | |a <The> Impacts of specific ICT solutions on productivity |c Radoslav Delina, Michal Tkáč ml. |
| 610 | 2 | 0 | |a technológie informačné |
| 610 | 2 | 0 | |a produktivita |
| 610 | 2 | 0 | |a efektívnosť |
| 610 | 2 | 0 | |a rozhodovanie |
| 100 | 1 | |a Delina, Radoslav | |
| 700 | 1 | |a Tkáč, Michal, ml., 1984- | |